Building a successful archival programme a practival approach

Bibliographic Details
Main Authors: Ramos, Marisol (Author), Ortega, Alma C. (Author)
Format: Book
Language:English
PhysicalDescription:xv, 184 s. 24 cm
Published: Oxford Chandos Publishing 2006
ISBN:184334162X
9781843341628
Edition:1st publ.
Series:Chandos Information Professional Series
Subjects:

MARC

LEADER 00000nam a2200000 a 4500
001 vtls010056854
003 SK-MaSNL
005 20260301083459.0
008 240314s2006 xxk f 001 0 eng
020 |a 184334162X  |q (brož.) 
020 |a 9781843341628 
040 |a SNK  |b slo  |c SNK  |e AACR2 
041 0 |a eng 
044 |a xxk  |c GB 
072 7 |a 930  |x Historická veda. Pomocné vedy historické. Archívnictvo  |2 konspekt 
080 |a 930.253  |2 2001 
080 |a 08/09  |2 2001 
080 |a 005.921.1  |2 2001 
080 |a (048.8)  |2 2001 
100 1 |a Ramos, Marisol  |4 aut  |9 410436 
245 1 0 |a Building a successful archival programme  |b a practival approach  |c Marisol Ramos and Alma C. Ortega 
250 |a 1st publ. 
260 |a Oxford  |b Chandos Publishing  |c 2006 
300 |a xv, 184 s.  |c 24 cm 
490 1 |a Chandos Information Professional Series 
650 0 7 |a knihy  |2 SNKPH  |9 19731 
650 0 7 |a archivácia dokumentov  |2 SNKPH  |9 58520 
650 0 7 |a archívy  |2 SNKPH  |9 26146 
650 0 7 |a Books  |2 SNKPHeng  |9 302610 
650 0 7 |a Archives  |2 SNKPHeng  |9 265292 
655 7 |a štúdie  |2 SNKPH  |9 57033 
655 7 |a Studies  |2 SNKPHeng  |9 265573 
700 1 |a Ortega, Alma C.  |4 aut  |9 410437 
830 0 |a Chandos Information Professional Series  |9 324301 
919 |a 1-84334-162-X 
919 |a 978-1-84334-162-8 
999 |c 660643  |d 662573 
952 |a SNK  |b SNK  |y VYP  |7 0  |p 17A0643308  |o snkIC 138341  |i snk2010/1416  |8 3  |g 61.60  |0 0  |1 0  |4 0  |d 2010-01-25  |l 0  |r 2026-02-23 18:52:22  |w 2026-02-23